| 000 | 00403nam a2200157Ia 4500 | ||
|---|---|---|---|
| 005 | 20240628015047.0 | ||
| 008 | 240331s9999 xx 000 0 und d | ||
| 020 | _a0521564093 | ||
| 082 |
_a128.2 _bNEL |
||
| 100 | _aNelkin, N | ||
| 245 | 0 | _aConsciousness and theorigins of thought | |
| 260 |
_aCambridge _bCambridge University press _c1996 |
||
| 300 | _axv, 341 p ., | ||
| 650 | _aphilosophy | ||
| 942 | _cL | ||
| 999 |
_c718 _d718 |
||